• 首页
  • 本馆介绍
  • 公告通知
  • 最新文献
  • 馆藏检索
  • 电子资源
  • 读者导购
  • 参考咨询
  • 我的图书馆
  • 登录
  • 详细信息显示
  • 放入我的书架
  • 预约/预借图书
  • 作者相关作品
  • 分类相关作品
  • 丛书相关作品
  • 出版社相关作品

书目信息

  • 表格格式
  • 工作单格式
  • 卡片格式
题名:
宫崎峻的感官世界
    
 
作者: 沈黎晖 , 尹丽川 编
分册:  
出版信息: 北京   作家出版社  2004
页数: 141页
开本: 20cm
丛书名:
单 册:
中图分类: J954
科图分类:
主题词: 美术片
电子资源:
ISBN: 7-5063-2768-6
000 00771nam0 2200241 45
001 002568387
005 20050430104403.1
010    @a7-5063-2768-6@dCNY25.00
100    @a20040202d2004 em y0chiy0110 ea
101 0  @achi
102    @aCN@b110000
105    @aa z 000yy
200 1  @a宫崎峻的感官世界@Agong qi jun de gan guan shi jie@f沈黎晖,尹丽川编@FShen Li Hui,Yin Li Chuan Bian
210    @a北京@c作家出版社@d2004
215    @a141页@c图@d20cm
330    @a该书介绍了宫崎峻的作品及生平。内容包括宫崎峻和吉卜力、宫崎峻&吉卜力作品、评论、宫崎峻年表等六大部分。
600  0 @a宫崎骏@f(1941~)@x生平事迹
606 0  @a美术片
690    @aJ954@v4
701  0 @a沈黎晖@4编
701  0 @a尹丽川@4编
801  0 @aCN@bNLC@c20040319
905    @f5@b352717-721@dJ954@e103
    
    宫崎峻的感官世界/沈黎晖,尹丽川编.-北京:作家出版社,2004
    141页:图;20cm
    
    
    ISBN 7-5063-2768-6:CNY25.00
    该书介绍了宫崎峻的作品及生平。内容包括宫崎峻和吉卜力、宫崎峻&吉卜力作品、评论、宫崎峻年表等六大部分。
●
相关链接 在E读中查询图书 在五车中查询图书 在当当中查询图书 在豆瓣中查询图书


正题名:宫崎峻的感官世界     索取号:J954/103         预约/预借

序号 登录号 条形码 馆藏地/架位号 状态 备注
1 0352717   3527179   第一样本阅览室/ [索取号:J954/103] 在馆    
2 0352718   3527188   第一借阅区/ [索取号:J954/103] 在馆    
3 0352719   3527197   第一借阅区/ [索取号:J954/103] 在馆    
4 0352721   3527213   密集书库/ [索取号:J954/103] 在馆    
唐山师范学院图书馆 欢迎您!
大连网信软件有限公司© 版权所有